485系を用いていた定期特急の愛称 - Statistics

General Stats
  • This quiz has been taken 11 times
  • The average score is 34 of 44
Answer Stats
地域 列車愛称 % Correct
北陸 雷鳥
100%
日本海 白鳥
100%
常磐 ひたち
100%
九州内 にちりん
100%
東北 つばさ
100%
九州内 かもめ
100%
東北・北海道 白鳥・スーパー白鳥
100%
山陽・九州 つばめ
90%
山陽・九州 みどり
90%
北陸 北越
90%
北陸 加越
90%
九州内 みどり
90%
近畿 北近畿
90%
九州内 きりしま
90%
東北 つがる
90%
北陸 しらさぎ
80%
山陽・九州 はと
80%
東北 やまびこ
80%
東北 あいづ
80%
北陸 はくたか
80%
489系 白山
80%
日本海 いなほ
80%
東北 はつかり
80%
489系 あさま
80%
山陽・九州 日向
80%
九州内 有明
80%
近畿 くろしお
80%
北陸 かがやき
80%
北陸 きらめき
80%
九州内 ハウステンボス
80%
北陸 はくたか
80%
九州内 ひゅうが
80%
東北 やまばと
70%
東北 かもしか
70%
東北 たざわ
60%
東北 こまくさ
60%
東北 ひばり
50%
山陽・九州 しおじ
50%
北海道 いしかり
50%
山陽・九州 うずしお
40%
山陽・九州 なは
40%
東北 みのり
40%
東北 鳥海
30%
東北 むつ
20%
No matching quizzes found
Score Distribution
Percent of People with Each Score
Percentile by Number Answered
Your Score History
You have not taken this quiz